Nba Brothers - Statistics

General Stats
  • This quiz has been taken 1,094 times
  • The average score is 5 of 9
Answer Stats
Hint last name % Correct
seth curry
99%
pau gasol
95%
klay thompson
94%
robin lopez
80%
marcus morris
65%
zoran dragic
40%
taylor griffin
16%
harvey grant
11%
jim paxson
5%
No matching quizzes found
Score Distribution
Percent of People with Each Score
Percentile by Number Answered
Your Score History
You have not taken this quiz